Top 25 Greatest NFL Players of All Time - Statistics

General Stats
  • This quiz has been taken 468 times
  • The average score is 19 of 25
Answer Stats
Pos. Team Answer % Correct
2 QB Patriots Tom Brady
99%
1 WR 49ers Jerry Rice
97%
9 QB Colts Peyton Manning
95%
6 QB 49ers Joe Montana
93%
4 CB Cowboys Deion Sanders
91%
18 RB Lions Barry Sanders
90%
14 WR Vikings Randy Moss
88%
8 RB Browns Jim Brown
87%
5 RB Bears Walter Payton
87%
3 LB Giants Lawrence Taylor
85%
15 RB Cowboys Emmitt Smith
82%
23 LB Ravens Ray Lewis
81%
12 DE Bills Bruce Smith
80%
17 QB Broncos John Elway
79%
21 TE Chiefs Tony Gonzalez
77%
16 WR Colts Marvin Harrison
76%
24 SS Ravens Ed Reed
73%
7 DE Eagles Reggie White
68%
10 DT Steelers Mean Joe Greene
63%
22 QB Colts Johnny Unitas
61%
13 FS 49ers Ronnie Lott
61%
25 OT Bengals Anthony Munoz
55%
20 LB Bears Dick Butkus
48%
11 DT Vikings Alan Page
41%
19 DE Rams Deacon Jones
39%
No matching quizzes found
Score Distribution
Percent of People with Each Score
Percentile by Number Answered
Your Score History
You have not taken this quiz